Word Ladder: Unhealthy Diet Quiz Stats

 Plays Quiz Updated Dec 30, 2014

Challenge
Share
Tweet
Embed
Score 0/27 Timer 02:00
0 Plays Today
Hint 3-Letter Word % Correct
'I know an ___ lady'◄OLD►
96.6%
StrangeODD
94.8%
Use a +ADD
94.8%
To helpAID
94.3%
DistantFAR
93%
Cook in a panFRY
91.8%
Oxygen and nitrogenAIR
90.3%
Evergreen treeFIR
89.6%
A mode of transportCAR
87.6%
Armed conflictWAR
86.7%
'Who swallowed a ___'◄FLY►
82.6%
'She swallowed the ___ to catch the bird'◄CAT►
80.4%
Not elevatedLOW
76.8%
End of your tongueTIP
76.2%
Hint 3-Letter Word % Correct
___ Jones IndexDOW
75.8%
ElfFAY
74.7%
PathWAY
74.3%
One round of the trackLAP
74%
RuleLAW
73.2%
Like dry, mocking humorWRY
72.1%
BedCOT
71.8%
'She swallowed the ___ to catch the [above mentioned animal]'◄DOG►
71%
'She swallowed the ___ to catch the goat'◄COW►
69%
'I guess she'll ___'◄DIE►
68.1%
To plungeDIP
67.7%
PokeTAP
67.3%
GearCOG
63.2%

Today's Daily Dose

You're not logged in!

Compare scores with friends on all Sporcle quizzes.
Join for Free
OR
Log In

You Might Also Like...

Show Comments

Extras

Top Quizzes Today


Score Distribution

Your Account Isn't Verified!

In order to create a playlist on Sporcle, you need to verify the email address you used during registration. Go to your Sporcle Settings to finish the process.

Report this User

Report this user for behavior that violates our Community Guidelines.

Details: